|
|
|
|
| LEADER |
00000naa2a2200000 4500 |
| 001 |
197070 |
| 005 |
20231031183328.0 |
| 035 |
|
|
|a (RuTPU)RU\TPU\book\214968
|
| 035 |
|
|
|a RU\TPU\book\214966
|
| 090 |
|
|
|a 197070
|
| 100 |
|
|
|a 20110606d1982 k y0rusy50 ca
|
| 101 |
0 |
|
|a rus
|
| 102 |
|
|
|a RU
|
| 200 |
1 |
|
|a Фазовое равновесие жидкость-пар в бинарных системах. Фурфуриловый спирт-тетрагидрофурфуриловый спирт и фурфурол-тетрагидрофурфуриловый спирт
|f В. А. Васильева, С. А. Федотова, Ю. А. Цирлин
|
| 225 |
1 |
|
|a Повышение качества продуктов
|
| 320 |
|
|
|a Библиогр.: с. 112 (3 назв.)
|
| 463 |
|
0 |
|0 (RuTPU)RU\TPU\book\214900
|t Гидролиз. Биотехнология
|o сборник научных трудов
|f Всесоюзный научно-исследовательский институт гидролиза растительных материалов (ВНИИГидролиз) ; отв. ред. В. Ф. Сыроежин, Ю. А. Цирлин
|v С. 106-112
|d 1982
|p 145 с.
|s Сборник трудов Всесоюзного научно-исследовательского института гидролиза растительных материалов (ВНИИГидролиз) ; Вып. 32
|
| 700 |
|
1 |
|a Васильева
|b В. А.
|
| 701 |
|
1 |
|a Федотова
|b С. А.
|
| 701 |
|
1 |
|a Цирлин
|b Ю. А.
|
| 801 |
|
1 |
|a RU
|b 63413507
|c 20110606
|
| 801 |
|
2 |
|a RU
|b 63413507
|c 20110606
|g RCR
|
| 942 |
|
|
|c BK
|